[Event "Final GP Rapid TOP 16 2019"]
[Site "Khanty-Mansijsk"]
[Date "2019.12.03"]
[Round "11.5"]
[White "Kokarev, Dmitry"]
[Black "Shimanov, Aleksandr"]
[Result "1/2-1/2"]
[WhiteElo "2601"]
[BlackElo "2587"]
[Annotator "TA"]
[PlyCount "47"]
[EventDate "2019.12.01"]
[EventType "tourn"]
[EventCountry "RUS"]
[SourceTitle "playchess.com"]
[Source "ChessBase"]
[SourceQuality "1"]

{[%evp 12,47,44,35,55,45,46,58,44,47,43,23,26,16,24,31,27,6,0,0,0,0,28,20,40,35,48,31,19,35,46,29,28,6,18,13,30,40]} 1. e4 g6 2. d4 d6 3. Nf3 Nf6 4. Nc3 Bg7 5. Be2 O-O 6. O-O a6 7. Re1 e6 {B08: Pirc Defence: Classical System} 8. Bf4 Nc6 9. Qd2 b5 {White is slightly better.} 10. a3 Bb7 11. Bh6 $146 ({Predecessor:} 11. Bg5 Re8 12. Bf1 e5 13. d5 Ne7 14. a4 b4 {½-½ (24) Oleksienko,M (2400)-Rausis,I (2657) Germany 2019}) 11... e5 {[#] Threatens to win with ...exd4.} 12. Bxg7 Kxg7 13. Rad1 Re8 14. Bf1 exd4 15. Nxd4 Nxd4 16. Qxd4 Qe7 17. a4 bxa4 18. Qxa4 Qe5 {[%cal Rf6e4]} 19. Qd4 a5 {[%cal Rf6e4]} 20. f3 Ba6 21. Qxe5 Rxe5 22. Rd4 Bxf1 23. Kxf1 Rb8 24. b3 {Accuracy: White = 51%, Black = 52%.} 1/2-1/2

[Event "Final GP Rapid TOP 16 2019"]
[Site "Khanty-Mansijsk"]
[Date "2019.12.03"]
[Round "11.6"]
[White "Moiseenko, Vadim"]
[Black "Potapov, Pavel"]
[Result "1/2-1/2"]
[WhiteElo "2532"]
[BlackElo "2489"]
[Annotator "ChessBase"]
[PlyCount "106"]
[EventDate "2019.12.01"]
[EventType "tourn"]
[EventCountry "RUS"]
[SourceTitle "playchess.com"]
[Source "ChessBase"]
[SourceQuality "1"]
[TimeControl "900+10"]

1. e4 {[%emt 0:00:00]} c5 {[%emt 0:00:00]} 2. Nf3 {[%emt 0:00:00]} Nc6 {[%emt 0:00:00]} 3. Bb5 {[%emt 0:00:15]} g6 {[%emt 0:00:00]} 4. Bxc6 {[%emt 0:00:17]} bxc6 {[%emt 0:00:01]} 5. O-O {[%emt 0:00:04]} Bg7 {[%emt 0:00:02]} 6. Re1 {[%emt 0:00:06]} Nh6 {[%emt 0:00:29]} 7. d3 {[%emt 0:00:13]} f6 {[%emt 0:00:45]} 8. a3 {[%emt 0:01:41]} Nf7 {[%emt 0:01:52]} 9. Be3 {[%emt 0:00:24]} d6 {[%emt 0:00:06]} 10. b4 {[%emt 0:00:13]} f5 {[%emt 0:01:16]} 11. c3 {[%emt 0:00:11]} fxe4 {[%emt 0:00:43]} 12. dxe4 {[%emt 0:00:02]} cxb4 {[%emt 0:00:12]} 13. axb4 {[%emt 0:00:08]} Qc7 {[%emt 0:00:41]} 14. Qb3 {[%emt 0:00:14]} O-O {[%emt 0:01:38]} 15. Nbd2 {[%emt 0:00:55]} Kh8 {[%emt 0:00:36]} 16. Ra3 {[%emt 0:00:37]} a6 {[%emt 0:00:23]} 17. Rd1 {[%emt 0:03:16]} Rb8 {[%emt 0:00:24]} 18. h3 {[%emt 0:01:08]} Nd8 {[%emt 0:01:23]} 19. Nd4 {[%emt 0:01:29]} e5 {[%emt 0:03:28]} 20. Ne2 {[%emt 0:00:02]} c5 {[%emt 0:00:52]} 21. Qc4 {[%emt 0:01:50]} Bd7 {[%emt 0:00:21]} 22. Ng3 {[%emt 0:01:10]} Bb5 {[%emt 0:00:05]} 23. Qd5 {[%emt 0:00:43]} cxb4 {[%emt 0:00:52]} 24. cxb4 {[%emt 0:00:01]} Qc6 {[%emt 0:00:11]} 25. Nb1 {[%emt 0:01:00]} Qxd5 {[%emt 0:00:05]} 26. Rxd5 {[%emt 0:00:01]} Nf7 {[%emt 0:00:09]} 27. Nc3 {[%emt 0:00:10]} Bc4 {[%emt 0:00:07]} 28. Ra4 {[%emt 0:00:43]} Bb3 {[%emt 0:00:49]} 29. Rxa6 {[%emt 0:00:04]} Rxb4 {[%emt 0:00:39]} 30. Rd2 {[%emt 0:00:09]} Bc4 {[%emt 0:00:36]} 31. Ra7 {[%emt 0:00:11]} Kg8 {[%emt 0:00:24]} 32. Nd5 {[%emt 0:00:24]} Bxd5 {[%emt 0:00:06]} 33. Rxd5 {[%emt 0:00:02]} Rfb8 {[%emt 0:00:04]} 34. Rd1 {[%emt 0:00:42]} R4b7 {[%emt 0:00:10]} 35. Rda1 {[%emt 0:00:07]} Bf6 {[%emt 0:00:15]} 36. Nf1 {[%emt 0:00:53]} Bg5 {[%emt 0:00:09]} 37. R7a6 {[%emt 0:00:59]} Rb1 {[%emt 0:00:38]} 38. Ba7 {[%emt 0:00:31]} Rxa1 {[%emt 0:00:25]} 39. Rxa1 {[%emt 0:00:02]} Ra8 {[%emt 0:00:02]} 40. Bd4 {[%emt 0:00:24]} Rxa1 {[%emt 0:00:04]} 41. Bxa1 {[%emt 0:00:11]} Nd8 {[%emt 0:00:09]} 42. g3 {[%emt 0:00:04]} Kf7 {[%emt 0:00:02]} 43. Kg2 {[%emt 0:00:07]} Ke6 {[%emt 0:00:01]} 44. Kf3 {[%emt 0:00:05]} Nc6 {[%emt 0:00:25]} 45. Bc3 {[%emt 0:00:02]} d5 {[%emt 0:00:18]} 46. exd5+ {[%emt 0:00:02]} Kxd5 {[%emt 0:00:01]} 47. h4 {[%emt 0:00:05]} Bc1 {[%emt 0:00:12]} 48. Bd2 {[%emt 0:00:08]} Bxd2 {[%emt 0:00:16]} 49. Nxd2 {[%emt 0:00:01]} h5 {[%emt 0:00:06]} 50. Ke3 {[%emt 0:00:16]} Nd4 {[%emt 0:00:06]} 51. Kd3 {[%emt 0:00:08]} Nc6 {[%emt 0:00:17]} 52. Ke3 {[%emt 0:00:21]} Nd4 {[%emt 0:00:01]} 53. Kd3 {[%emt 0:00:01]} Nc6 {Ke4+} 1/2-1/2

[Event "Final GP Rapid TOP 16 2019"]
[Site "Khanty-Mansijsk"]
[Date "2019.12.03"]
[Round "11.7"]
[White "Sakaev, Konstantin"]
[Black "Morozevich, Alexander"]
[Result "0-1"]
[WhiteElo "2595"]
[BlackElo "2659"]
[Annotator "TA"]
[PlyCount "68"]
[EventDate "2019.12.01"]
[EventType "tourn"]
[EventCountry "RUS"]
[SourceTitle "playchess.com"]
[Source "ChessBase"]
[SourceQuality "1"]

{[%evp 12,68,2,0,43,8,4,-3,17,0,0,0,0,0,13,0,0,0,0,0,0,1,0,-28,-24,-32,-10,-16,-27,-20,-27,-51,-55,-52,-54,-40,-7,-11,-17,-89,-98,-218,-212,-206,-208,-309,-310,-302,-305,-327,-258,-299,-266,-271,-247,-273,-270,-255,-252]} 1. d4 Nf6 2. c4 e6 3. Nf3 d5 4. Nc3 dxc4 5. e4 Bb4 6. Bg5 c5 7. dxc5 {aiming for Qxd8+.} Qa5 {D39: Queen's Gambit Declined: Ragozin Defence with 5 Bg5 dxc4} (7... Qxd1+ 8. Rxd1 Nbd7 9. Rd4 h6 10. Bd2 Bxc5 11. Rxc4 e5 12. Nxe5 Bxf2+ 13. Kxf2 Nxe5 14. Rc5 O-O 15. h3 Rd8 16. Bf4 Ng6 17. Be3 Bd7 18. Be2 Bc6 19. Rc4 a6 20. Rd1 Rxd1 21. Bxd1 Re8 {½-½ (21) Vachier Lagrave,M (2715)-Aronian,L (2805) Wijk aan Zee 2011}) 8. Nd2 $146 (8. Bxf6 $5 gxf6 9. Bxc4 $11) ({Predecessor:} 8. Bxf6 gxf6 9. Bxc4 Qxc5 10. Qd3 Nc6 {½-½ (10) Farago,I (2420)-Khenkin,I (2632) Dresden 2010}) 8... Qxc5 9. Be3 Qc7 {The position is equal.} (9... Qe7 {looks sharper.} 10. Bxc4 O-O 11. Qe2 b6 12. Rc1 Bb7) 10. Bxc4 Bxc3 11. bxc3 O-O 12. f3 b6 13. Qe2 Nc6 14. Rc1 Ne5 15. Bb5 a6 16. Ba4 b5 17. Bb3 a5 18. f4 Neg4 19. e5 Nxe3 20. Qxe3 Nd7 21. c4 Bb7 22. O-O b4 23. c5 Rac8 24. f5 Qc6 {[%csl Gb7][%cal Rc6g2]} 25. Nf3 (25. Rf2 $11 {keeps the balance.}) 25... Nxc5 $40 {[%mdl 128] White is in trouble.} 26. f6 {[#]} (26. Rc4 $17 Qb6 27. f6) 26... Qe4 $1 $19 {[%cal Re4e3]} 27. Qg5 {[%csl Gf6][%cal Rg5g7]} Qg6 28. Bc2 (28. fxg7 {was worth a try.} Kxg7 29. Qe3 Nxb3 30. axb3) 28... Qxg5 29. Nxg5 h6 30. Nf3 Bxf3 31. Rxf3 Nd7 32. fxg7 Rfe8 33. Rf2 Nxe5 {Hoping for ...Nd3!} ({Don't take} 33... Kxg7 34. Re1 $17) 34. Re1 Rc5 {Accuracy: White = 33%, Black = 73%.} 0-1

[Event "Final GP Rapid TOP 16 2019"]
[Site "Khanty-Mansijsk"]
[Date "2019.12.03"]
[Round "11.8"]
[White "Golubov, Saveliy"]
[Black "Bocharov, Dmitry"]
[Result "*"]
[WhiteElo "2469"]
[BlackElo "2519"]
[Annotator "TA"]
[PlyCount "23"]
[EventDate "2019.12.01"]
[EventType "tourn"]
[EventCountry "RUS"]
[SourceTitle "playchess.com"]
[Source "ChessBase"]
[SourceQuality "1"]

{[%evp 9,23,0,0,-1,10,-2,-6,2,0,-7,66,14,31,0,51,34]} 1. d4 Nf6 2. Nf3 d5 3. c3 Bf5 4. Nh4 (4. Bf4 e6 5. e3 Bd6 6. Bxd6 Qxd6 7. Nbd2 O-O 8. Be2 c5 9. O-O Nc6 10. a3 h6 11. b4 c4 12. a4 a6 13. Qc1 {½-½ (35) Smirnov,A (2549)-Vidit,S (2711) chess.com INT 2018}) 4... Be4 5. Nd2 e6 6. Qb3 {D02: 1 d4 d5 2 Nf3 sidelines, including 2...Nf6 3 g3 and 2...Nf6 3 Bf4} Qc8 $146 ({Predecessor:} 6... b6 7. Nhf3 Bd6 8. Ne5 Bf5 9. f3 Bxe5 10. dxe5 Nfd7 11. f4 O-O {0-1 (55) Astasio Lopez,D (2258)-Almagro Llamas,P (2492) Ourense 2008}) 7. f3 Bg6 $1 8. Nxg6 {The position is equal.} hxg6 9. e4 g5 ({Black should try} 9... Be7 $11) 10. Qa4+ (10. Be2 $14) 10... c6 11. Bd3 Be7 ({Black should play} 11... Nh5 $11) 12. Nf1 *

[Event "Final GP Rapid TOP 16 2019"]
[Site "Khanty-Mansijsk"]
[Date "2019.12.03"]
[Round "12.1"]
[White "Ponkratov, Pavel"]
[Black "Bocharov, Dmitry"]
[Result "1-0"]
[WhiteElo "2619"]
[BlackElo "2519"]
[Annotator "TA"]
[PlyCount "79"]
[EventDate "2019.12.01"]
[EventType "tourn"]
[EventCountry "RUS"]
[SourceTitle "playchess.com"]
[Source "ChessBase"]
[SourceQuality "1"]

{[%evp 13,79,17,8,0,7,11,12,18,13,0,9,-14,0,-6,12,0,0,9,8,2,0,0,8,9,33,11,14,10,177,168,200,202,223,198,191,220,282,254,262,262,270,247,512,252,352,294,293,286,371,368,398,350,351,353,350,338,336,326,452,437,461,461,455,447,769,744,666,656]} 1. e4 c5 2. Nf3 d6 3. d4 cxd4 4. Nxd4 Nf6 5. Nc3 a6 6. h3 e5 7. Nde2 b5 {[%cal Bb7b5,Bb5b4][%mdl 32]} 8. g4 {B90: Sicilian Najdorf: Unusual White 6th moves, 6 Be3 Ng4 and 6 Be3 e5} (8. Ng3 Nbd7 9. Bg5 h6 10. Be3 Bb7 11. Bd3 h5 12. Bg5 g6 13. O-O Be7 14. a3 h4 15. Nge2 Nc5 16. Bxf6 Bxf6 {1-0 (48) Dominguez Perez,L (2739)-Vachier Lagrave,M (2779) chess.com INT 2018}) 8... b4 9. Nd5 Nxd5 10. Qxd5 {The position is equal.} Ra7 11. Bg2 Be6 12. Qd2 $146 (12. Qd1 {is interesting.} Rd7 13. Ng3 d5 14. exd5 Bxd5 15. Bxd5 Rxd5 16. Qe2) ({Predecessor:} 12. Qd3 Be7 13. O-O O-O 14. Be3 Rb7 15. b3 a5 {½-½ (30) Karthikeyan,P (2426)-Darini,P (2501) Al Ain 2015}) 12... a5 13. a3 Rb7 14. axb4 axb4 15. O-O Be7 16. Ng3 $36 {[%mdl 2048] Black is under pressure.} O-O 17. Nf5 Nc6 18. Qd3 Rc7 19. c3 bxc3 20. bxc3 g6 $2 {[#]} (20... Rd7 $11) 21. Bh6 $1 $18 Bg5 22. Bxf8 Kxf8 23. Qxd6+ ({And not} 23. Nxd6 Rd7 $11) 23... Qxd6 24. Nxd6 Ke7 25. Nb5 Rb7 26. Rfb1 Rd7 27. Ra6 Nb8 $2 {[#]} (27... Nd8 {was worth a try.} 28. Bf1 Nb7) 28. Ra7 (28. Rb6 $142) 28... Kf6 29. Rxd7 Nxd7 30. Nc7 Nc5 31. Rb5 Nd3 32. Nxe6 Kxe6 {[%mdl 4096] Endgame KRB-KBN} 33. Bf1 Nf4 34. Bc4+ Kd6 35. Kh2 f6 36. Kg3 {White is clearly winning.} h5 37. h4 Bh6 38. f3 g5 (38... Bf8 $142 39. Rb6+ Kc7) 39. Rb6+ Ke7 40. gxh5 {Accuracy: White = 74%, Black = 27%.} 1-0

[Event "Final GP Rapid TOP 16 2019"]
[Site "Khanty-Mansijsk"]
[Date "2019.12.03"]
[Round "12.4"]
[White "Shimanov, Aleksandr"]
[Black "Moiseenko, Vadim"]
[Result "1-0"]
[WhiteElo "2587"]
[BlackElo "2532"]
[Annotator "TA"]
[PlyCount "155"]
[EventDate "2019.12.01"]
[EventType "tourn"]
[EventCountry "RUS"]
[SourceTitle "playchess.com"]
[Source "ChessBase"]
[SourceQuality "1"]

{[%evp 14,161,25,22,49,42,68,56,56,56,63,56,64,47,49,44,57,12,58,56,61,50,46,45,45,45,47,52,45,3,0,0,12,21,11,2,12,0,4,0,7,9,13,20,38,29,29,14,40,40,95,121,101,85,93,93,147,64,64,59,58,58,65,56,58,59,60,60,75,67,76,73,91,91,134,89,87,91,85,68,66,66,95,18,62,60,78,51,72,54,62,19,36,8,8,8,8,8,19,12,8,0,0,0,0,0,0,0,0,0,0,0,0,0,0,0,0,0,0,0,0,0,0,0,0,0,0,0,0,0,93,0,0,0,86,0,0,0,0,0,474,449,580,531,29937,29939,12772,1201,12764,10281]} 1. d4 Nf6 2. c4 g6 3. Nc3 Bg7 4. e4 d6 5. f3 Nbd7 6. Be3 O-O 7. Bd3 c5 8. Nge2 b6 {E81: King's Indian: Sämisch: 6th move deviations (including 6 Be3 c6)} (8... cxd4 9. Nxd4 e6 10. O-O d5 11. exd5 exd5 12. Re1 dxc4 13. Bxc4 Nb6 14. Bb3 Nfd5 15. Bf2 Nxc3 16. bxc3 Bd7 17. c4 Na4 18. Qc2 {½-½ (32) Garcia Palermo,C (2429)-Perdomo,L (2463) Caioba 2019}) 9. O-O cxd4 10. Nxd4 Bb7 {White is slightly better.} 11. Qd2 Rc8 12. b3 a6 13. Rac1 e6 14. Rfd1 Re8 15. Bf1 Qc7 16. Kh1 Bf8 $146 ({Predecessor:} 16... Qb8 17. Rc2 Bf8 18. Rdc1 Ne5 19. Bg5 Nfd7 20. Bh6 Be7 21. Bg5 Bf8 22. Bh6 Be7 {½-½ (22) Headlong,T (2270)-O'Shaughnessy,C (2190) England 1999}) 17. Bh6 Bxh6 18. Qxh6 Red8 19. Nde2 Ne5 20. Qe3 Qc5 21. Qd4 (21. Nd4 {is more complex.} Ned7 22. Qd2 Kg7 23. Nc2 Ne5 24. Na4) 21... Qxd4 22. Nxd4 Ne8 23. Na4 Nd7 24. Kg1 Kf8 25. Kf2 Ke7 26. Rc2 e5 27. Ne2 b5 28. Nb2 f5 29. exf5 gxf5 30. Rcd2 b4 (30... d5 $5) 31. Ng3 Ke6 (31... Ng7 $1 $14) 32. Bd3 $16 f4 33. Ne4 h6 {[#]} 34. g3 $1 fxg3+ (34... Bxe4 $142 35. Bxe4 fxg3+ 36. hxg3 Nc5) 35. hxg3 ({Better is} 35. Nxg3 $16 Kf6 36. Be4) 35... Ndf6 $14 36. Re2 Bxe4 37. Bxe4 ({Reject} 37. fxe4 $6 Ke7 $11) 37... Nxe4+ 38. Rxe4 ({Of course not} 38. fxe4 $6 Nf6 $11) 38... Nf6 39. Re2 a5 40. Nd3 h5 41. Nf4+ Kf7 42. Nd5 Rc5 43. Red2 {And now Nxf6 would win.} Rc6 44. Nxf6 Kxf6 $16 {[%mdl 4096] Endgame KRR-KRR} 45. Rd5 a4 46. Rb5 ({But not} 46. bxa4 Ke7 $11) 46... axb3 47. axb3 Ra8 48. Rd2 (48. Rxb4 $16 Ra2+ 49. Ke3) 48... Ra1 49. Rxb4 Rb1 50. Kg2 Ke6 51. Rb8 Ra6 52. Re8+ Kf7 53. Rh8 Rxb3 54. Rxh5 Rc3 55. Rh6 Ke7 56. Rb2 {Threatening mate with Rb7+.} (56. Rd5 {looks sharper.} Ra2+ 57. Kh3 Rf2 58. c5 Rxc5 59. Rd3) 56... Kd7 $1 57. Rh4 Kc6 58. Rd2 Raa3 59. Rh6 Rxf3 60. Rdxd6+ Kc5 61. Rc6+ Kd4 62. Rh4+ e4 63. Rd6+ Kc5 64. Rg6 Rfe3 65. Rh8 Re2+ 66. Kh3 Kxc4 67. Rd6 Re1 {White must now prevent ...Rh1+.} 68. Rc8+ Kb3 69. Rb6+ Ka2 70. Rc2+ Ka1 71. Rg2 e3 (71... Rh1+ $11 72. Kg4 Ra8) 72. Re6 (72. Rbb2 $16) 72... Kb1 $11 73. Rb6+ (73. g4 $11) 73... Ka1 $16 {Black wants to play ...e2.} 74. Re6 (74. Rbb2 $16) 74... Kb1 $11 75. g4 {aiming for g5.} Rh1+ 76. Kg3 Re1 $2 {[%mdl 8192]} (76... Kc1 $11 {and Black stays safe.}) 77. g5 $18 e2+ 78. Kg4 {Played: Kg3-f2} 1-0

[Event "Final GP Rapid TOP 16 2019"]
[Site "Khanty-Mansijsk"]
[Date "2019.12.03"]
[Round "12.6"]
[White "Murzin, Volodar"]
[Black "Shaposhnikov, Evgeny"]
[Result "0-1"]
[WhiteElo "2429"]
[BlackElo "2568"]
[Annotator "TA"]
[PlyCount "74"]
[EventDate "2019.12.01"]
[EventType "tourn"]
[EventCountry "RUS"]
[SourceTitle "playchess.com"]
[Source "ChessBase"]
[SourceQuality "1"]

{[%evp 29,140,0,0,0,7,0,31,34,34,21,9,19,22,22,31,12,10,25,18,18,25,13,6,0,12,7,6,0,10,-8,0,0,0,0,0,0,0,-56,-66,-69,-70,-96,-72,-116,-58,-157,-151,-116,-41,-50,-41,-44,-37,-72,-71,-60,-49,-58,-32,-37,0,-26,0,-93,-75,-66,-66,-75,0,-106,-94,-144,-154,-152,-154,-247,-244,-257,-254,-311,-345,-622,-1166,-1067,-1169,-312,-1108,-1062,-991,-878,-896,-1300,-961,-29974,-29974,-29972,-29972,-29981,-29982,-29982,-29983,-29983,-29984,-29984,-29985,-29986,-29987,-29987,-29986,-29986,-29987,-29987,-29987]} 1. e4 e6 2. d4 d5 3. Nc3 Nf6 4. e5 Nfd7 5. f4 c5 6. Nf3 Nc6 7. Be3 Qb6 8. a3 cxd4 9. Nxd4 Bc5 10. Na4 (10. Ncb5 Nxd4 11. Bxd4 O-O 12. b4 Bxd4 13. Qxd4 a5 14. Rb1 axb4 15. axb4 f6 16. exf6 Rxf6 17. Qxb6 Nxb6 {½-½ (48) Macieja,B (2608)-Shimanov,A (2639) Nakhchivan 2013}) 10... Qa5+ 11. Nc3 Qb6 12. Na4 Qa5+ 13. Nc3 Qb6 14. Na4 Qa5+ 15. Nc3 Qb6 {[%cal Rc6d4]} 16. Na4 {C11: French: Classical System: 4 e5 and 4 Bg5 dxe4} Qa5+ {[%mdl 64] Double Attack} 17. Nc3 Qd8 18. Qd2 {White is slightly better.} a6 19. Be2 Nxd4 $146 ({Predecessor:} 19... Qc7 20. O-O Nxd4 21. Bxd4 Nb8 22. Rad1 Bxd4+ 23. Qxd4 Nc6 24. Qf2 Bd7 25. Bf3 Ne7 {0-1 (58) Lyell,M (2197)-Gutmann,A (2067) Hungary 2011}) 20. Bxd4 Bxd4 21. Qxd4 Qb6 22. O-O-O Qxd4 23. Rxd4 Nb8 24. Rd3 Bd7 25. Rg3 g6 26. Bd3 Ke7 27. Rh3 Nc6 28. Ne2 h6 29. Kd2 g5 30. Re3 gxf4 31. Nxf4 Rag8 32. g3 h5 33. Be2 (33. Ng2 $11) 33... h4 $15 {aiming for ...hxg3.} 34. g4 Rg5 $1 35. Nd3 Na5 $1 {[%cal Ra5c4] ...Nc4+ is the strong threat.} 36. Ne1 d4 ({Black should try} 36... Bb5 $1 $17 37. Rg1 Bxe2 38. Kxe2 Rhg8) 37. Rd3 (37. Rf3 $1 $15) 37... Bc6 {Played: Na5-c4} 0-1

[Event "Final GP Rapid TOP 16 2019"]
[Site "Khanty-Mansijsk"]
[Date "2019.12.03"]
[Round "12.7"]
[White "Maltsevskaya, Aleksandra"]
[Black "Pridorozhni, Aleksei"]
[Result "1/2-1/2"]
[WhiteElo "2332"]
[BlackElo "2602"]
[Annotator "RC"]
[PlyCount "94"]
[EventDate "2019.12.01"]
[EventType "tourn"]
[EventCountry "RUS"]
[SourceTitle "playchess.com"]
[Source "ChessBase"]
[SourceQuality "1"]
[TimeControl "900+10"]

1. e4 {[%emt 0:00:00]} c5 {[%emt 0:00:00]} 2. Nf3 {[%emt 0:00:00]} e6 {[%emt 0:00:00]} 3. g3 {[%emt 0:00:01]} d5 {[%emt 0:00:00]} 4. exd5 {[%emt 0:00:05]} exd5 {[%emt 0:00:00]} 5. Bg2 {[%emt 0:00:09]} Qe7+ {[%emt 0:00:02]} 6. Qe2 {[%emt 0:00:15]} Qxe2+ {[%emt 0:00:04]} 7. Kxe2 {[%emt 0:00:02]} Nc6 {[%emt 0:00:01]} 8. Re1 {[%emt 0:00:08]} h6 {[%emt 0:00:04]} 9. Kf1+ {[%emt 0:00:11]} Be6 {[%emt 0:00:03]} 10. b3 {[%emt 0:00:45]} Nf6 {[%emt 0:00:14]} 11. Bb2 {[%emt 0:00:01]} Be7 {[%emt 0:00:04]} 12. d4 {[%emt 0:00:13]} c4 {[%emt 0:00:37]} 13. Ne5 {[%emt 0:00:41]} Nxe5 {[%emt 0:01:34]} 14. dxe5 {[%emt 0:00:02]} Nd7 {[%emt 0:00:02]} 15. bxc4 {[%emt 0:03:10]} dxc4 {[%emt 0:00:02]} 16. Nc3 {[%emt 0:01:21]} O-O {[%emt 0:00:34]} 17. Nd5 {[%emt 0:00:25]} Bc5 {[%emt 0:00:36]} 18. Rad1 {[%emt 0:00:39]} Rad8 {[%emt 0:02:08]} 19. Bd4 {[%emt 0:02:18]} b6 {[%emt 0:00:55]} 20. f4 {[%emt 0:01:07]} g6 {[%emt 0:00:30]} 21. Rd2 {[%emt 0:00:52]} Kg7 {[%emt 0:00:04]} 22. Nc7 {[%emt 0:01:10]} Bxd4 {[%emt 0:00:47]} 23. Nxe6+ {[%emt 0:00:35]} fxe6 {[%emt 0:00:02]} 24. Rxd4 {[%emt 0:00:01]} Nc5 {[%emt 0:00:02]} 25. Red1 {[%emt 0:01:02]} Rxd4 {[%emt 0:00:47]} 26. Rxd4 {[%emt 0:00:01]} c3 {[%emt 0:00:04]} 27. Ke2 {[%emt 0:00:39]} g5 {[%emt 0:00:21]} 28. Ke3 {[%emt 0:00:18]} gxf4+ {[%emt 0:00:02]} 29. gxf4 {[%emt 0:00:02]} Kf7 {[%emt 0:00:02]} 30. Rc4 {[%emt 0:00:39]} Rg8 {[%emt 0:00:03]} 31. Bf1 {[%emt 0:01:14]} Rg1 {[%emt 0:00:38]} 32. Kf2 {[%emt 0:00:09]} Rg8 {[%emt 0:00:02]} 33. Ke3 {[%emt 0:00:09]} h5 {[%emt 0:01:22]} 34. Rxc3 {[%emt 0:01:37]} h4 {[%emt 0:00:03]} 35. Rc4 {[%emt 0:00:27]} Kg6 {[%emt 0:00:04]} 36. Rd4 {[%emt 0:00:10]} Kh5 {[%emt 0:00:04]} 37. Be2+ {[%emt 0:00:06]} Kh6 {[%emt 0:00:01]} 38. Kf2 {[%emt 0:00:18]} Kg6 {[%emt 0:00:21]} 39. Bf1 {[%emt 0:00:08]} Rc8 {[%emt 0:00:11]} 40. Rd6 {[%emt 0:00:11]} Kf7 {[%emt 0:00:07]} 41. Ke3 {[%emt 0:00:06]} Ke7 {[%emt 0:00:20]} 42. Bh3 {[%emt 0:00:12]} Rf8 {[%emt 0:00:11]} 43. Bg4 {[%emt 0:00:11]} Rg8 {[%emt 0:00:07]} 44. h3 {[%emt 0:00:08]} Rf8 {[%emt 0:00:02]} 45. Rc6 {[%emt 0:00:16]} Kd7 {[%emt 0:00:03]} 46. Rd6+ {[%emt 0:00:01]} Ke7 {[%emt 0:00:01]} 47. Rc6 {[%emt 0:00:08]} Kd7 {[%emt 0:00:08]} 1/2-1/2

[Event "Final GP Rapid TOP 16 2019"]
[Site "Khanty-Mansijsk"]
[Date "2019.12.03"]
[Round "12.8"]
[White "Voit, Daria"]
[Black "Nesterov, Arseniy"]
[Result "1/2-1/2"]
[WhiteElo "2336"]
[BlackElo "2489"]
[Annotator "TA"]
[PlyCount "96"]
[EventDate "2019.12.01"]
[EventType "tourn"]
[EventCountry "RUS"]
[SourceTitle "playchess.com"]
[Source "ChessBase"]
[SourceQuality "1"]

{[%evp 21,96,5,8,8,10,-11,0,0,0,-22,25,22,31,2,8,0,23,2,2,2,8,8,16,10,52,10,10,10,10,10,10,0,0,0,10,0,20,13,6,-26,62,10,46,43,57,29,29,26,42,36,36,42,89,-54,-54,-54,-54,-54,-54,-54,-54,-54,-54,-54,-54,-54,-54,-54,-54,-54,-54,-54,-54,-54,-54,-54,0]} 1. d4 Nf6 2. Nf3 e6 3. c4 b6 4. g3 Bb7 5. Bg2 Be7 6. O-O O-O 7. Nc3 Ne4 8. Bd2 Bf6 9. Rc1 d6 10. d5 Nxd2 11. Qxd2 e5 12. e4 {E18: Queen's Indian: Old Main Line (4 g3 Bb7 5 Bg2 Be7 6 0-0 0-0 7 Nc3)} a5 13. Ne1 g6 14. Nd3 {The position is equal.} Nd7 {[#]} 15. f4 $146 ({Predecessor:} 15. h4 Bg7 16. h5 gxh5 17. Bh3 Bc8 18. Kg2 h4 19. Rh1 hxg3 20. fxg3 {1-0 (57) Fressinet,L (2702)-Kryvoruchko,Y (2710) Berlin 2015}) 15... Bg7 16. f5 h5 17. h3 Kh7 18. Qe2 Qg5 19. Kh2 Bh6 20. Rc2 Nf6 21. Nb5 Rac8 22. Rf3 Kg7 23. Nf2 {Hoping for h4.} h4 $1 {[%cal Rh4g3]} 24. g4 Nd7 25. Nd3 Qe7 26. Qe1 Bg5 27. b3 Nf6 28. Rf1 Qd7 29. Kh1 c6 $132 {[%mdl 2048] Black is not holding back} 30. Nc3 Rc7 ({Black should play} 30... b5 $11) 31. a4 (31. fxg6 $14 fxg6 32. Na4) 31... Ba6 32. Qf2 c5 33. Ne1 Bf4 34. Ne2 g5 35. Nxf4 exf4 36. Nd3 Qe7 {[#]} 37. Re2 ({Only move:} 37. Nxf4 $1 $16 {[%mdl 512]} gxf4 38. g5) 37... Nd7 $1 $15 {Black is slightly better.} 38. Rfe1 Ne5 39. Nxe5 Qxe5 40. Qf3 Re7 41. Qd3 Rfe8 42. Bf3 Bc8 43. Kg2 Qf6 44. Kf2 Re5 45. Kg2 Kf8 46. Kf2 Ke7 47. Kg2 Kd8 48. Kf2 Ke7 {Accuracy: White = 47%, Black = 47%.} (48... Kc7 $15) 1/2-1/2